TERRITORY, COLONY, DEPENDENCY, SEMI-AUTONOMOUS CAPITALS - Statistics

General Stats
  • This quiz has been taken 419 times
    402 since last reset
  • The average score is 26 of 50
Answer Stats
Hint Answer % Correct
GREENLAND - DEN NUUK
82%
SCOTLAND - GBR EDINBURGH
80%
WALES - GBR CARDIFF
78%
PUERTO RICO - USA SAN JUAN
78%
NORTHERN IRELAND - GBR BELFAST
76%
GIBRALTAR - GBR GIBRALTAR
76%
AMERICAN SAMOA - USA PAGO PAGO
75%
ARUBA - NED ORANJESTAD
74%
FRENCH GUIANA CAYENNE
70%
BERMUDA - GBR HAMILTON
67%
ISLE OF MAN - GBR DOUGLAS
62%
FALKLAND ISLANDS - GBR STANLEY
62%
FAROE ISLANDS - DEN TORSHAVN
62%
FRENCH POLYNESIA PAPEETE
57%
NEW CALEDONIA - FRA NOUMEA
56%
CURACAO - NED WILLEMSTAD
55%
PITCAIRN ISLANDS - GBR ADAMSTOWN
54%
CANARY ISLANDS - ESP LAS PALMAS
54%
ANGUILLA - GBR THE VALLEY
54%
BRITISH VIRGIN ISLANDS ROAD TOWN
53%
MARTINIQUE - FRA FORT-DE-FRANCE
52%
ST PIERRE AND MIQUELON - FRA ST PIERRE
52%
CAYMAN ISLANDS - GBR GEORGE TOWN
51%
NORTHERN MARIANA ISLANDS - USA SAIPAN
51%
SVALBARD - NOR LONGYEARBYEN
50%
JERSEY - GBR ST HELIER
50%
GUADELOUPE - FRA BASSE-TERRE
49%
REUNION - FRA ST DENIS
49%
GUAM - USA HAGATNA
48%
GUERNSEY - GBR ST PETER PORT
48%
US VIRGIN ISLANDS CHARLOTTE AMALIE
47%
NIUE - NZL ALOFI
46%
MONTSERRAT - GBR PLYMOUTH
46%
CABINDA - ANG CABINDA
45%
BONAIRE - NED KRALENDIJK
42%
WESTERN SAHARA - MOR LAAYOUNE
42%
AZORES, THE - POR PONTA DELGADA
42%
MAYOTTE - FRA MAMOUDZOU
41%
COOK ISLANDS - NZL AVARUA
40%
TURKS AND CAICOS - GBR COCKBURN TOWN
40%
ST HELENA - GBR JAMESTOWN
40%
COCOS (KEELING) ISLANDS - AUS WEST ISLAND
40%
NORFOLK ISLAND - AUS KINGSTON
39%
WALLIS AND FUTUNA - FRA MATA-UTU
37%
ST MAARTEN - NED PHILIPSBURG
37%
ST MARTIN - FRA MARIGOT
36%
ST BARTHELEMY - FRA GUSTAVIA
35%
ZANZIBAR - TAN ZANZIBAR CITY
33%
CHRISTMAS ISLAND - AUS THE SETTLEMENT
19%
GALAPAGOS ISLANDS - ECU PUERTO BAQUERIZO MORENO
15%
No matching quizzes found
Score Distribution
Percent of People with Each Score
Percentile by Number Answered
Your Score History
You have not taken this quiz since the last reset